مناهج البحث العلمي / (رقم التسجيلة. 101084)

تفاصيل مارك
000 -الفاتح
عناصر البيانات ثابتة الطول 00881cam a22002297i 4500
005 - تاريخ ووقت آخر معاملة
حقل ضبط 20251108173321.0
008 - عناصر البيانات ثابتة الطول
عناصر البيانات ثابتة الطول 250721s2005 jo a gr 000 0 ara d
041 ## - كود اللغة
كود اللغة لنص/مسار صوت أو عنوان منفصل ara
082 14 - رقم تصنيف ديوي العشري
رقم التصنيف 001.422
رقم المادة ز ي ن
100 1# - مدخل رئيسي – اسم شخصي
الاسم الشخصي أبو زينة، فريد كامل
علاقة الشخص بالعمل/ دوره مؤلف.
245 10 - بيان العنوان
العنوان مناهج البحث العلمي /
بيان المسؤولية تأليف فريدكامل ابو زينة [وثلاثة آخرون].
300 ## - الوصف المادي
عدد الوحدات المكونة للوعاء الجزء 2.
505 0# - تبصرة محتويات مقننة
تبصرة محتويات مقننة المحتويات : الكتاب الثاني : الإحصاء في البحث العلمي.
650 17 - مدخل إضافي بالموضوع - مصطلح موضوعي
مصطلح موضوعي أو اسم جغرافي كعنصر مدخل أساليب البحث.
650 17 - مدخل إضافي بالموضوع - مصطلح موضوعي
مصطلح موضوعي أو اسم جغرافي كعنصر مدخل الإحصاء.
650 17 - مدخل إضافي بالموضوع - مصطلح موضوعي
مصطلح موضوعي أو اسم جغرافي كعنصر مدخل العينات.
700 1# - مدخل إضافي - اسم شخصي
الاسم الشخصي الشايب، عبد الحافظ.
علاقة الشخص بالعمل/ دوره مؤلف.
700 1# - مدخل إضافي - اسم شخصي
الاسم الشخصي عبابنه، عماد.
علاقة الشخص بالعمل/ دوره مؤلف.
700 1# - مدخل إضافي - اسم شخصي
الاسم الشخصي النعيمي، محمد عبد العال
علاقة الشخص بالعمل/ دوره مؤلف.
942 ## - بيانات إضافية (كوها)
نوع التنصيف Dewey Decimal Classification
نوع المادة (كوها) كتب
المقتنيات
حالة السحب حالة الفقدان مصدر التصنيف حالة التلف غير قابل للإعارة المكتبة الرئيسية المكتبة الحالية موقع الرف تاريخ التزويد الرقم المتسلسل Total Checkouts رقم الإستدعاء الباركود تاريخ آخر ظهور تاريخ الفاتورة نوع المادة (كوها)
    Dewey Decimal Classification     المكتبة المركزية المكتبة المركزية الإعارة 28/07/2025 1043902   001.422/زين 1043902 28/07/2025 28/07/2025 كتب
    Dewey Decimal Classification   Not For Loan المكتبة المركزية المكتبة المركزية مقتنيات قسم التزويد 28/07/2025 1043905   001.422/زين 1043905 28/07/2025 28/07/2025 كتب
    Dewey Decimal Classification     المكتبة المركزية المكتبة المركزية الإعارة 20/10/2016 1627643   001.422/زين PLD00396672 28/07/2025 20/10/2016 كتب
    Dewey Decimal Classification     مكتبة أبو علندا العامة مكتبة أبو علندا العامة الإعارة 28/07/2025 1043915   001.422/زين 1043915 28/07/2025 28/07/2025 كتب
    Dewey Decimal Classification     مكتبة الأميرة ايمان العامة مكتبة الأميرة ايمان العامة الإعارة 28/07/2025 1043906   001.422/زين 1043906 28/07/2025 28/07/2025 كتب
    Dewey Decimal Classification     مكتبة الاميرة بديعة مكتبة الاميرة بديعة الإعارة 28/07/2025 1043909   001.422/زين 1043909 28/07/2025 28/07/2025 كتب
    Dewey Decimal Classification     مكتبة البراءة للأطفال مكتبة البراءة للأطفال الإعارة 28/07/2025 1043918   001.422/زين 1043918 28/07/2025 28/07/2025 كتب
    Dewey Decimal Classification     مكتبة الجويدة مكتبة الجويدة الإعارة 28/07/2025 1043910   001.422/زين 1043910 28/07/2025 28/07/2025 كتب
    Dewey Decimal Classification     مكتبة الحسن العامة مكتبة الحسن العامة الإعارة 28/07/2025 1043911   001.422/زين 1043911 28/07/2025 28/07/2025 كتب
    Dewey Decimal Classification     مكتبة النصر العامة مكتبة النصر العامة الإعارة 28/07/2025 1043917   001.422/زين 1043917 28/07/2025 28/07/2025 كتب
    Dewey Decimal Classification     مكتبة حمزة العامة مكتبة حمزة العامة الإعارة 28/07/2025 1043912   001.422/زين 1043912 28/07/2025 28/07/2025 كتب
    Dewey Decimal Classification     مكتبة صويلح العامة مكتبة صويلح العامة الإعارة 28/07/2025 1043907   001.422/زين 1043907 28/07/2025 28/07/2025 كتب
    Dewey Decimal Classification     مكتبة وادي السير العامة مكتبة وادي السير العامة الإعارة 28/07/2025 1043916   001.422/زين 1043916 28/07/2025 28/07/2025 كتب
Implemented & Customized by: BBB with SCIT (Smart Chains for Information Technology)

Powered by Koha